Statistics for Elder scrolls provinces by race.

Click here to take the quiz!

General Stats

  • This quiz has been taken 380 times
  • The average score is 8 of 9

Answer Stats

HintAnswer% Correct
NordsSkyrim
100%
BretonsHigh Rock
89%
RedguardsHammerfell
88%
Dunmer (Dark Elves)Morrowind
88%
ArgoniansBlack Marsh
87%
ImperialsCyrodiil
83%
Bosmer (Wood Elf)Valenwood
82%
KhajiitElsweyr
81%
Altmer (High Elves)Summerset Isles
77%

Score Distribution

Percentile by Number Answered

Percent of People with Each Score

Your Score History

You have not taken this quiz